000 00376nam a2200157Ia 4500
005 20240807062140.0
008 240806s9999||||xx |||||||||||||| ||eng||
041 _aeng
082 _a891.434008
_bRAJT
100 _aRajaram Dr.Vinay
245 0 _aTathaiv cha /
_cRajaram Dr.Vinay
260 _bSahitya Sangam All.
300 _a128
650 _aGeneral Studies
942 _cBK
999 _c9975
_d9975